000 00559nam a22001817a 4500
005 20140905105909.0
010 _aENG-110743
020 _a9788183875233
_c795.00
035 _aEN-94275
037 _bDBAD/PUB
082 _a155.25
100 _aSunakall, Roopa. S.
245 _aThe development of personality /
_cby Roopa. S. Sunakall
260 _aNew Delhi
_bSerials Publications
_c2011
270 _a4830/24, Prahlad Street, Ansari Road, Darya Ganj
_bNew Delhi
_e110002
300 _a204p.
_c22cm(Hb)
942 _2ddc
_cEN
_h155.25
_mSUN
999 _c88304
_d88304